Extending the linear model with R. Generalized linear, mixed effects and nonparametric regression models

Sparad:
Bibliografiska uppgifter
Huvudupphovsman: Faraway, Julian J (Författare, medförfattare)
Materialtyp: Bok
Språk:engelska
Publicerad: Boca Ratón, FL., USA Chapman and Hall-CRC 2006
Serie:Texts in Statitical Science
Ämnen:
Länkar:Disponible Online
Taggar: Lägg till en tagg
Inga taggar, Lägg till första taggen!

MARC

LEADER 00000cam a2200000 a 4500
001 UCH0598
003 CL-VaPUC
005 20231128170204.0
008 090320e20060000US |||||||||||||||||eng|d
999 |c 332880  |d 332878 
020 |a 158488424X 
040 |c Pontificia Universidad Católica de Valparaíso 
082 0 4 |a 519.5 FAR 2006  |2 21 
100 |a Faraway, Julian J  |e author  |9 534832 
245 1 0 |a Extending the linear model with R.  |b Generalized linear, mixed effects and nonparametric regression models 
260 |a Boca Ratón, FL., USA  |b Chapman and Hall-CRC  |c 2006 
300 |a 301 páginas  
440 |a Texts in Statitical Science  |9 860076 
505 |a 1 Introduction 2 Binomial Data 3 Count Regression 4 Contingency Tables 5 Multinomial Data 6 Generalized Linear Models 7 Other GLMs 8 Random Effects 9 Repeated Measures and Longitudinal Data 10 Mixed Effect Models for Nonnormal Responses 11 Nonparametric Regression 12 Additive Models 13 Trees 14 Neural Networks A Likelihood Theory B R Information Bibliography Index 
583 |a last modification  |c 20130605 02:33:08  |k Rodrigo Vera 
650 0 |a Modelos matemáticos   |9 259437 
650 0 |a R ​​(lenguajes de programas informáticos)  |9 860077 
650 0 |a Análisis de varianza   |9 336938 
856 |u http://bibliografiadigital.pucv.cl.pucv.idm.oclc.org/index.php/bibliotecapucv/catalog/book/193  |y Disponible Online  
942 |c BK  |2 ddc 
945 |d 20090320 00:00:00  |a rbrito 
952 |0 0  |1 0  |4 0  |6 519_500000000000000_FAR_2006  |7 0  |8 A  |9 420924  |a BIBGIM  |b BIBGIM  |d 2019-11-22  |i 4520726  |o 519.5 FAR 2006  |p 4520726  |r 2025-01-15  |w 2019-11-22  |y BK  |k EST 
952 |0 0  |1 0  |4 0  |6 519_500000000000000_FAR_2006  |7 0  |8 A  |9 420925  |a BIBGIM  |b BIBGIM  |d 2019-11-22  |i 4641590  |l 1  |o 519.5 FAR 2006  |p 4641590  |r 2025-03-17  |s 2025-03-13  |w 2019-11-22  |y BK  |k EST 
952 |0 0  |1 0  |4 0  |6 519_500000000000000_FAR_2006  |7 0  |8 A  |9 420926  |a BIBGIM  |b BIBGIM  |d 2019-11-22  |i 4644085  |o 519.5 FAR 2006  |p 4644085  |r 2025-01-15  |w 2019-11-22  |y BK  |k EST 
952 |0 0  |1 0  |4 0  |6 519_500000000000000_FAR_2006  |7 0  |8 A  |9 420927  |a BIBGIM  |b BIBGIM  |d 2019-11-22  |i 4979273  |o 519.5 FAR 2006  |p 4979273  |r 2025-01-15  |w 2019-11-22  |y BK  |k EST